000 00592 a2200181 4500
999 _c7528
_d7528
020 _a0850927595
050 0 0 _aHD 9450.5 GRY 2003
100 _aGrynberg, Roman
_eeditor
245 0 0 _aFisheries issues in WTO and ACP-EU trade negotiations /
_cRoman Grynberg
264 _aLondon :
_bCommonwealth secretariat,
_c2003
300 _aviii, 91 p. :
_bill. ;
500 _aIncludes bibliographical references
504 _aIncludes bibliographical references
650 0 _aFish trade.
650 0 _aFisheries
_xEconomic aspects.
650 0 _aCommercial policy.
942 _2lcc
_cBK
_h9450.5
_iGRY
_kHD